Southville International School and Colleges
Your cart is empty.
  • Cart
  • Lists
    Public lists Eva Luna New books Lux_list list_1
    Your lists Log in to create your own lists
  • Log in to your account
  • Your cookies
  • Search history
Southville International School and Colleges
  • Advanced search
  • Recent comments
  • Most popular
  • Libraries

Log in to your account

Log in with GOOGLE


If you do not have an external account, but do have a local account, you can still log in:

  1. Home
  2. MARC view: Microsoft MS-DOS step by step, revised for version 6.3
Normal view MARC view ISBD view

Microsoft MS-DOS step by step, revised for version 6.3 (Record no. 3523)

[ view plain ]
MARC details
000 -LEADER
fixed length control field 00572nam a22002057a 4500
003 - CONTROL NUMBER IDENTIFIER
control field PILC
005 - DATE AND TIME OF LATEST TRANSACTION
control field 20160109092157.0
008 - FIXED-LENGTH DATA ELEMENTS--GENERAL INFORMATION
fixed length control field 130702t xxu||||| |||| 00| 0 eng d
020 ## - INTERNATIONAL STANDARD BOOK NUMBER
International Standard Book Number 9781556156359
050 ## - LIBRARY OF CONGRESS CALL NUMBER
Classification number QA 76.76
Item number .M626 1994
082 ## - DEWEY DECIMAL CLASSIFICATION NUMBER
Classification number CS 005.4469
Item number M581 1994
245 ## - TITLE STATEMENT
Title Microsoft MS-DOS step by step, revised for version 6.3
260 ## - PUBLICATION, DISTRIBUTION, ETC. (IMPRINT)
Place of publication, distribution, etc Redmond, Washington;
Name of publisher, distributor, etc Microsoft Press,
Date of publication, distribution, etc 1994.
300 ## - PHYSICAL DESCRIPTION
Extent xxiv. 272 p. :
Dimensions 23 cm. :
500 ## - GENERAL NOTE
General note Includes Index
520 ## - SUMMARY, ETC.
Summary, etc 1. MS-DOS (Computer file)
562 ## - COPY AND VERSION IDENTIFICATION NOTE
Number of copies 1
942 ## - ADDED ENTRY ELEMENTS (KOHA)
Source of classification or shelving scheme Library of Congress Classification
Koha item type Books
Holdings
Withdrawn status Lost status Source of classification or shelving scheme Damaged status Home library Current library Shelving location Date acquired Total Checkouts Full call number Barcode Date last seen Date checked out Copy number Price effective from Koha item type
    Library of Congress Classification   Luxembourg Library Luxembourg Library Computer Science Section 07/02/2013 1 QA 76.76 .M626 1994 1004 09/24/2024 09/17/2024 1 07/02/2013 Books

Microsoft MS-DOS step by step, revised for version 6.3

APA

(1994). Microsoft MS-DOS step by step, revised for version 6.3. Redmond, Washington: Microsoft Press.

Chicago

1994. Microsoft MS-DOS step by step, revised for version 6.3. Redmond, Washington: Microsoft Press.

Harvard

(1994). Microsoft MS-DOS step by step, revised for version 6.3. Redmond, Washington: Microsoft Press.

MLA

Microsoft MS-DOS step by step, revised for version 6.3. Redmond, Washington: Microsoft Press. 1994.

  • Place hold
  • Print
  • Cite
  • Add to your cart (remove)
  • Save record
    BIBTEX Dublin Core MARCXML MARC (non-Unicode/MARC-8) MARC (Unicode/UTF-8) MARC (Unicode/UTF-8, Standard) MODS (XML) RIS
  • More searches
    Search for this title in:
    Other Libraries (WorldCat) Other Databases (Google Scholar) Online Stores (Bookfinder.com) Open Library (openlibrary.org)

Exporting to Dublin Core...

SOUTHVILLE LIBRARY

Southville International School and Colleges Library

1281 Tropical Ave. Cor. Luxembourg St., BF Homes International, Las Pinas City

Tel. No. 8256374 / 252358 Loc. 117/146

Powered by Koha